000 00394nam a2200157Ia 4500
008 230524s9999 xx 000 0 und d
082 _a6.33
_bMUR
100 _aC.S.V.Murthy
245 0 _a"E-Commerce : Concepts, Models, Strategies"
250 _a1ST
260 _aNEW DELHI
_bHimalaya Pub
_c2006
300 _aXIV;850
500 _aQuantity Number: 137
650 _aComp-Sc
942 _cBK
999 _c34282
_d34282